Rock and Metal bands by vocalist - Statistics

General Stats
  • This quiz has been taken 108 times
  • The average score is 11 of 15
Answer Stats
Vocalist Band % Correct
Kurt Cobain Nirvana
97%
Ozzy Osbourne Black Sabbath
95%
Jon Bon Jovi Bon Jovi
93%
Axl Rose Guns N' Roses
93%
James Hetfield Metallica
90%
Robert Plant Led Zeppelin
84%
David Gilmour / Roger Waters Pink Floyd
78%
David Lee Roth / Sammy Hagar Van Halen
75%
Dave Mustaine Megadeth
74%
Mark Knopfler Dire Straits
67%
Eddie Vedder Pearl Jam
67%
Stevie Nicks / Lindsey Buckingham Fleetwood Mac
63%
Steve Perry / Arnel Pineda Journey
56%
Layne Stanley / William Duvall Alice in Chains
53%
Bobby Kimball / Joseph Williams Toto
15%
No matching quizzes found
Score Distribution
Percent of People with Each Score
Percentile by Number Answered
Your Score History
You have not taken this quiz